LEADER 00875cam a22002291i 4500 001 991000216599707536 008 040913s2003 it ab 000 0 ita 035 $ab13191512-39ule_inst 040 $aDip.to Studi Storici$bita 082 04$a914.52 110 2 $aTouring club italiano$05623 245 10$aLombardia :$bdalle Alpi al grande fiume, Milano, le cittą, i centri minori, i laghi, i parchi naturali 260 $aMilano :$bTCI,$c[2003] 300 $a449 p., :$bill. ;$c23 cm. 440 0$aGuide d'Italia 651 0$aLombardia$xGuide 907 $a.b13191512$b02-04-14$c13-09-04 912 $a991000216599707536 945 $aLE009 Lab. Geogr. Tci 2$g1$i2023000067888$lle009$nLab.di Cattedra Geografia$o-$pE28.00$q-$rn$so $t0$u0$v0$w0$x0$y.i13838246$z13-09-04 996 $aLombardia$9148875 997 $aUNISALENTO 998 $ale009$b13-09-04$cm$da $e-$fita$git $h0$i0 LEADER 01904nam 2200541 450 001 9910705375103321 005 20150130082833.0 035 $a(CKB)5470000002449623 035 $a(OCoLC)878543122 035 $a(EXLCZ)995470000002449623 100 $a20140429d1989 ua 0 101 0 $aeng 135 $aurbn||||||||| 181 $ctxt$2rdacontent 182 $cc$2rdamedia 183 $acr$2rdacarrier 200 10$aAdvanced Solar Observatory (ASO) accommodations requirements study /$fprepared by A. B. C. Walker 210 1$aHuntsville, AL :$cTeledyne Brown Engineering ;$aMarshall Space Flight Center, AL :$cGeorge C. Marshall Space Flight Center,$d1989. 215 $a1 online resource (329 unnumbered pages) $cillustrations 225 1 $aNASA-CR ;$v183718 300 $aTitle from title screen (viewed on Apr. 29, 2014). 300 $a"May 1989." 300 $a"SP89-MSFC-3225." 320 $aIncludes bibliographical references. 517 $aAdvanced Solar Observatory 606 $aGamma ray spectrometers$2nasat 606 $aNeutron spectrometers$2nasat 606 $aPinhole cameras$2nasat 606 $aSolar observatories$2nasat 606 $aSpace Station Freedom$2nasat 606 $aSpace stations$2nasat 606 $aSpaceborne telescopes$2nasat 615 7$aGamma ray spectrometers. 615 7$aNeutron spectrometers. 615 7$aPinhole cameras. 615 7$aSolar observatories. 615 7$aSpace Station Freedom. 615 7$aSpace stations. 615 7$aSpaceborne telescopes. 700 $aWalker$b A. B. C.$01406151 712 02$aTeledyne Brown Engineering (Firm), 712 02$aGeorge C. Marshall Space Flight Center, 801 0$bGPO 801 1$bGPO 906 $aBOOK 912 $a9910705375103321 996 $aAdvanced Solar Observatory (ASO) accommodations requirements study$93484325 997 $aUNINA